Statistiken für Pokemon Typen - Quiz

Klicken Sie hier um das Quiz zu spielen!

Allgemein

  • Dieses Quiz wurde 4.221 mal gespielt
  • Das Durchschnittsergebnis liegt bei 10 aus 18

Antwortstatistiken

Anzahl der PokemonTyp% Korrekt
143Wasser
100%
108Pflanze
89%
116Normal
85%
75Feuer
80%
96Psycho
72%
105Flug
68%
71Gift
63%
84Käfer
63%
69Boden
58%
61Elektro
50%
65Gestein
45%
64Unlicht
44%
57Fee
42%
63Stahl
39%
51Eis
37%
66Kampf
33%
61Drache
28%
55Geist
27%

Verteilung der Resultate

Perzentil nach korrekt beantworteten Fragen

Anzahl Personen mit jedem Resultat

Ihre Resultats-Entwicklung

Sie haben dieses Quiz noch nicht gespielt